[Event "DVM 2005 u20"]
[Site "Berlin"]
[Date "2005.12.28"]
[Round "3.6"]
[White "Jovanovic, Valter"]
[Black "Khalat, David"]
[Result "0-1"]
[WhiteElo "1573"]
[BlackElo "1640"]
[PlyCount "72"]
[EventDate "1905.??.??"]

1. e4 d5 2. exd5 Nf6 3. Nc3 Nxd5 4. Nf3 Bg4 5. d4 e6 6. Be2 Bb4 7. Bd2 O-O 8.
O-O Nc6 9. Nxd5 Qxd5 10. c3 Be7 11. Bf4 Rac8 12. h3 Bh5 13. Ne5 Bxe2 14. Qxe2
Bf6 15. Rfd1 Ne7 16. c4 Qd8 17. Qe4 c6 18. Rd3 Re8 19. h4 Nf5 20. h5 h6 21. c5
Qd5 22. Qe1 Nh4 23. f3 Rcd8 24. Rad1 Qxa2 25. Ng4 Nf5 26. Nxf6+ gxf6 27. g4 e5
28. dxe5 Rxd3 29. Rxd3 Qc4 30. Qd2 Qxc5+ 31. Kh2 fxe5 32. Qe2 Nd4 33. Qe4 Qd6
34. Bc1 c5 35. Qxb7 e4+ 36. Kh1 exd3 0-1

[Event "DVM 2005 u20"]
[Site "Berlin"]
[Date "2005.12.28"]
[Round "3.1"]
[White "Hilverda, Alexander"]
[Black "Seiler, Sascha"]
[Result "1-0"]
[WhiteElo "2156"]
[BlackElo "2043"]
[PlyCount "93"]
[EventDate "1905.??.??"]

1. e4 c5 2. Nf3 d6 3. d4 cxd4 4. Nxd4 Nf6 5. Nc3 a6 6. f4 e5 7. Nf3 Nbd7 8. a4
b6 9. Bc4 Be7 10. Bxf7+ Kxf7 11. Ng5+ Kg8 12. Qd3 b5 13. axb5 Nc5 14. Qc4+ d5
15. exd5 axb5 16. Nxb5 Rxa1 17. d6+ Be6 18. Nxe6 Nxe6 19. Qxe6+ Kf8 20. O-O Qd7
21. dxe7+ Qxe7 22. Qxe7+ Kxe7 23. fxe5 Ne4 24. Bg5+ Nxg5 25. Rxa1 Ke6 26. Re1
Rb8 27. c4 Kd7 28. Rd1+ Kc6 29. b4 Ne4 30. Nd4+ Kb7 31. Nf5 Kc6 32. Rd4 Nc3 33.
Rd6+ Kc7 34. b5 Rf8 35. g4 h5 36. h3 Ne2+ 37. Kf2 Nf4 38. Kg3 g5 39. Nd4 h4+
40. Kh2 Re8 41. Rc6+ Kb7 42. e6 Rd8 43. e7 Rxd4 44. e8=Q Rd2+ 45. Kg1 Ne2+ 46.
Kf1 Ng3+ 47. Ke1 1-0

[Event "DVM 2005 u20"]
[Site "Berlin"]
[Date "2005.12.28"]
[Round "3.3"]
[White "Beckmann, Emanuel"]
[Black "Geschnizjani, Ramin Tobias"]
[Result "1-0"]
[WhiteElo "1965"]
[BlackElo "1945"]
[PlyCount "61"]
[EventDate "1905.??.??"]

1. e4 c6 2. d4 d5 3. Nc3 dxe4 4. Nxe4 Nd7 5. Ne2 Ngf6 6. f3 g6 7. N2g3 Bg7 8.
Bg5 Qb6 9. c3 h6 10. Bd2 c5 11. Qc2 Nxe4 12. Nxe4 cxd4 13. O-O-O Nf6 14. Nxf6+
Bxf6 15. cxd4 Bxd4 16. Bc3 Bxc3 17. Qa4+ Kf8 18. bxc3 Kg7 19. Bc4 Qe3+ 20. Kb2
Qf2+ 21. Ka1 Bf5 22. Bb3 Rac8 23. g4 b5 24. Qa3 Qxf3 25. gxf5 Qxc3+ 26. Kb1 b4
27. Qxa7 Rc7 28. Qf2 Qe5 29. fxg6 f5 30. Rhe1 Qf6 31. Re6 1-0

[Event "DVM 2005 u20"]
[Site "Berlin"]
[Date "2005.12.28"]
[Round "3.4"]
[White "Luo, Xinping"]
[Black "Ebert, Manuel"]
[Result "0-1"]
[WhiteElo "1824"]
[BlackElo "1999"]
[PlyCount "146"]
[EventDate "1905.??.??"]

1. e4 c5 2. Nf3 e6 3. d4 cxd4 4. Nxd4 a6 5. Bd3 Qc7 6. Qe2 d6 7. Be3 Nf6 8. O-O
Nbd7 9. Nc3 b5 10. a3 Bb7 11. f4 Be7 12. Rae1 O-O 13. Qf3 Rfe8 14. Qg3 Bf8 15.
Kh1 Rac8 16. Nf3 e5 17. fxe5 dxe5 18. Nh4 Kh8 19. Nf5 Nc5 20. Bg5 Nfd7 21. Qh4
Ne6 22. Bc1 Qd8 23. Qg4 Nf6 24. Qh3 g6 25. Nh6 Rc7 26. Ng4 Nxg4 27. Qxg4 Nd4
28. Bg5 Qd7 29. Qh4 Bg7 30. Re3 Ne6 31. Bf6 Nf4 32. Ref3 Qe6 33. Bxg7+ Kxg7 34.
g3 Nh5 35. Qg5 h6 36. Qe3 Qh3 37. Qf2 f5 38. Qb6 Rce7 39. Qe3 Qg4 40. Kg1 f4
41. Qf2 g5 42. Be2 Qe6 43. Rd3 Nf6 44. Bf3 g4 45. Bh1 f3 46. Qe3 Qc6 47. Re1
Rf7 48. Kf2 a5 49. Rd2 Ree7 50. Nd5 Rd7 51. Red1 Nxd5 52. exd5 Qd6 53. Qe4 Qc5+
54. Kf1 Qc4+ 55. Qxc4 bxc4 56. h3 e4 57. Re1 Rxd5 58. Rxd5 Bxd5 59. hxg4 Kg6
60. Kf2 Kg5 61. Rd1 Rd7 62. b3 cxb3 63. cxb3 Kxg4 64. b4 axb4 65. axb4 Bc6 66.
Rc1 Rd2+ 67. Ke1 Re2+ 68. Kf1 Bb5 69. Rc5 Bd3 70. Kg1 f2+ 71. Kg2 e3 72. Rc3
Be4+ 73. Kf1 Re1# 0-1

[Event "DVM 2005 u20"]
[Site "Berlin"]
[Date "2005.12.28"]
[Round "3.5"]
[White "Fox, Daniel"]
[Black "Becker, Johannes"]
[Result "1/2-1/2"]
[WhiteElo "2009"]
[BlackElo "1744"]
[PlyCount "101"]
[EventDate "1905.??.??"]

1. e4 e6 2. d4 c5 3. c3 cxd4 4. cxd4 Nf6 5. e5 Nd5 6. Nf3 Qc7 7. Bd3 b6 8. O-O
Bb7 9. a3 a6 10. Qe2 d6 11. Bd2 Nd7 12. Rc1 Qb8 13. Nc3 dxe5 14. dxe5 Nc5 15.
Bc2 Be7 16. b4 Nd7 17. Re1 b5 18. Nxd5 Bxd5 19. Ng5 Qb7 20. f4 Nb6 21. f5 h6
22. Ne4 Nc4 23. Bf4 Qc6 24. Bd3 a5 25. Nd6+ Bxd6 26. exd6 axb4 27. axb4 Rxa1
28. Rxa1 Qb6+ 29. Kh1 Qd4 30. Rf1 O-O 31. h3 e5 32. Bc1 e4 33. Bb1 Nxd6 34. f6
g6 35. Qg4 Qc4 36. Qf4 g5 37. Qf2 e3 38. Bxe3 Ne4 39. Bxe4 Qxe4 40. Bc5 Ra8 41.
Re1 Qc4 42. Re2 Be4 43. Qe3 Re8 44. Be7 Bd3 45. Rd2 Be4 46. Qe2 Qxe2 47. Rxe2
Bd3 48. Rd2 Bc4 49. g3 Kh7 50. Rd8 Rxd8 51. Bxd8 1/2-1/2

[Event "DVM 2005 u20"]
[Site "Berlin"]
[Date "2005.12.28"]
[Round "3.6"]
[White "Tschlatscher, Thomas"]
[Black "Speitel, Sebastian"]
[Result "1-0"]
[WhiteElo "1742"]
[BlackElo "1677"]
[PlyCount "163"]
[EventDate "1905.??.??"]

1. e4 e6 2. d4 d5 3. exd5 exd5 4. Nf3 Bd6 5. Bd3 Ne7 6. O-O h6 7. h3 O-O 8. c4
c6 9. cxd5 cxd5 10. Re1 Nbc6 11. Nc3 a6 12. Bd2 Bc7 13. a3 Nf5 14. Bxf5 Bxf5
15. Qb3 Ne7 16. Qxb7 Rb8 17. Qxa6 Rxb2 18. Na4 Rb8 19. Nc5 Rb6 20. Qe2 Ng6 21.
Ba5 Rc6 22. Bxc7 Rxc7 23. a4 Ra7 24. a5 Qd6 25. Ne5 Rfa8 26. Qh5 Nxe5 27. Qxf5
Nc6 28. Nb3 g6 29. Qc2 Nxa5 30. Nxa5 Rxa5 31. Rxa5 Rxa5 32. Qd2 Ra8 33. Qxh6
Qb4 34. Qe3 Qd6 35. h4 Kg7 36. g3 Ra3 37. Qg5 f6 38. Qg4 f5 39. Qg5 Ra7 40. Re5
Qb4 41. h5 Ra6 42. h6+ Kh7 43. Re7+ Kh8 44. Qe3 Qd6 45. Kg2 Qf6 46. Rd7 Qe6 47.
Qe5+ Qxe5 48. dxe5 g5 49. Rxd5 Rxh6 50. Rd6 Rh7 51. e6 Re7 52. Rd5 Rxe6 53.
Rxf5 Rg6 54. Kf3 Kg7 55. Kg4 Kh6 56. Rf7 Rd6 57. f3 Kg6 58. Rf8 Rd4+ 59. Kh3
Kg7 60. Rb8 Kg6 61. Rb6+ Kg7 62. Re6 Kf7 63. Re4 Rd5 64. Kg4 Kf6 65. Kh5 Rd3
66. Re8 Rd5 67. g4 Kf7 68. Rh8 Rd3 69. Rh7+ Kf6 70. Rh6+ Kf7 71. Ra6 Rxf3 72.
Kxg5 Rf2 73. Ra7+ Kf8 74. Kg6 Rd2 75. Ra8+ Ke7 76. g5 Rd6+ 77. Kh7 Ke6 78. g6
Rd7+ 79. g7 Kf6 80. Kh8 Rxg7 81. Ra6+ Kf7 82. Ra7+ 1-0

[Event "DVM 2005 u20"]
[Site "Berlin"]
[Date "2005.12.28"]
[Round "3.2"]
[White "Pfeufer, Lion"]
[Black "Müller, Mathias"]
[Result "1-0"]
[WhiteElo "2014"]
[BlackElo "1827"]
[PlyCount "59"]
[EventDate "1905.??.??"]

1. e4 {[%emt 0:00:00]} e5 {[%emt 0:00:01]} 2. Nf3 {[%emt 0:00:02]} Nc6 {
[%emt 0:00:02]} 3. Bc4 {[%emt 0:00:07]} Bc5 {[%emt 0:00:01]} 4. c3 {
[%emt 0:00:02]} Nf6 {[%emt 0:00:02]} 5. d4 {[%emt 0:00:02]} exd4 {
[%emt 0:00:12]} 6. cxd4 {[%emt 0:00:02]} Bb4+ {[%emt 0:00:02]} 7. Nc3 {
[%emt 0:00:02]} d5 {[%emt 0:00:02]} 8. exd5 {[%emt 0:00:02]} Nxd5 {
[%emt 0:00:02]} 9. O-O {[%emt 0:00:02]} Bxc3 {[%emt 0:00:02]} 10. bxc3 {
[%emt 0:00:03]} O-O {[%emt 0:00:02]} 11. Qc2 {[%emt 0:00:02]} h6 {
[%emt 0:00:03]} 12. Re1 {[%emt 0:00:02]} Be6 {[%emt 0:00:02]} 13. Bd3 {
[%emt 0:00:03]} Nf6 {[%emt 0:00:02]} 14. Rb1 {[%emt 0:00:02]} Rb8 {
[%emt 0:00:02]} 15. Bf4 {[%emt 0:00:02]} Qd7 {[%emt 0:00:02]} 16. Ne5 {
[%emt 0:00:03]} Nxe5 {[%emt 0:00:03]} 17. Rxe5 {[%emt 0:00:02]} b6 {
[%emt 0:00:02]} 18. Qd2 {[%emt 0:00:02]} Ng4 {[%emt 0:00:02]} 19. Reb5 {
[%emt 0:00:03]} f5 {[%emt 0:00:04]} 20. d5 {[%emt 0:00:02]} Bf7 {[%emt 0:00:02]
} 21. d6 {[%emt 0:00:04]} c5 {[%emt 0:00:03]} 22. R5b2 {[%emt 0:00:05]} Rbd8 {
[%emt 0:00:00]} 23. Bb5 {[%emt 0:00:04]} Qb7 {[%emt 0:00:02]} 24. Re1 {
[%emt 0:00:03]} Nf6 {[%emt 0:00:03]} 25. Re7 {[%emt 0:00:03]} Nd7 {
[%emt 0:00:02]} 26. Bxh6 {[%emt 0:00:04]} gxh6 {[%emt 0:00:01]} 27. Qxh6 {
[%emt 0:00:02]} Rfe8 {[%emt 0:00:01]} 28. Qg5+ {[%emt 0:00:03]} Kh8 {
[%emt 0:00:03]} 29. Rxf7 {[%emt 0:00:04]} Re1+ {[%emt 0:00:03]} 30. Bf1 {
[%emt 0:00:03]} 1-0

[Event "DVM 2005 u20"]
[Site "Berlin"]
[Date "2005.12.28"]
[Round "3.3"]
[White "Kohlmann, Adrian"]
[Black "Lozovoy, Sergej"]
[Result "1/2-1/2"]
[WhiteElo "1938"]
[BlackElo "1976"]
[PlyCount "59"]
[EventDate "1905.??.??"]

1. e4 {[%emt 0:00:00]} c5 2. c3 d5 3. exd5 Qxd5 4. d4 Nc6 5. Nf3 Bg4 6. Be2 e6
7. h3 Bxf3 8. Bxf3 Qd7 9. Be3 cxd4 10. cxd4 Nf6 11. O-O Rd8 12. Nc3 Be7 13. Qe2
O-O 14. Rad1 Nd5 15. Nxd5 exd5 16. Rc1 Rfe8 17. Rfd1 a5 18. Qd2 Bb4 19. Qd3 Be7
20. a3 a4 21. Bf4 g6 22. Re1 f5 23. Bd1 Ra8 24. Be5 Nxe5 25. Rxe5 Bf6 26. Rxe8+
Rxe8 27. Bf3 b6 28. Qc3 Rd8 29. Qb4 b5 30. Be2 1/2-1/2

[Event "DVM 2005 u20"]
[Site "Berlin"]
[Date "2005.12.28"]
[Round "3.4"]
[White "Butzke, Daniel"]
[Black "Kirch, Florian"]
[Result "1/2-1/2"]
[WhiteElo "1999"]
[BlackElo "1821"]
[PlyCount "135"]
[EventDate "1905.??.??"]

1. e4 Nf6 2. Nc3 d5 3. exd5 Nxd5 4. Qf3 c6 5. Bc4 e6 6. Nge2 Nd7 7. O-O Ne5 8.
Qe4 Nxc4 9. Qxc4 Qc7 10. Ng3 b5 11. Nxd5 exd5 12. Qe2+ Be7 13. Re1 Be6 14. d4
O-O 15. Qf3 Bd6 16. h3 Qd7 17. Bf4 Rae8 18. Bxd6 Qxd6 19. Re2 Re7 20. Rae1 Rfe8
21. c3 a5 22. Nh5 f6 23. Qf4 Qxf4 24. Nxf4 Kf7 25. Nd3 Bd7 26. Kf1 Bf5 27. Nc5
Rxe2 28. Rxe2 Rxe2 29. Kxe2 Bc8 30. Ke3 g5 31. Kf3 Kg6 32. Kg3 h6 33. h4 Kh5
34. hxg5 hxg5 35. a4 bxa4 36. Nxa4 f5 37. f4 Ba6 38. Nc5 Bb5 39. Nd7 Kg6 40.
Ne5+ Kh5 41. fxg5 Kxg5 42. Nf3+ Kf6 43. Kf4 a4 44. Ne5 Bf1 45. g3 Bb5 46. Nd7+
Ke6 47. Nf8+ Kf6 48. Nd7+ Ke6 49. Ne5 Kf6 50. Ke3 Ke7 51. Kd2 Kd6 52. Kc2 Bf1
53. Kd2 Bb5 54. Ke3 Ke6 55. Kf2 Kf6 56. Kg2 Ke6 57. Kh3 c5 58. Kg2 cxd4 59.
cxd4 Kd6 60. Kf3 Ke6 61. Ke3 Ke7 62. Kd2 Kf6 63. Kc3 Be2 64. Kb4 Bd1 65. Kc5
Bb3 66. Kd6 Kg5 67. Ke6 f4 68. gxf4+ 1/2-1/2

[Event "DVM 2005 u20"]
[Site "Berlin"]
[Date "2005.12.28"]
[Round "3.5"]
[White "Quaschner, Tobias"]
[Black "Titz, Johannes"]
[Result "1-0"]
[WhiteElo "1705"]
[BlackElo "1965"]
[PlyCount "109"]
[EventDate "1905.??.??"]

1. e4 e6 2. Qe2 c5 3. Nf3 Nc6 4. c3 a6 5. g3 Nf6 6. Bg2 b5 7. O-O Qb6 8. d3 a5
9. Be3 Ng4 10. Ng5 Nxe3 11. fxe3 Nd8 12. Qh5 g6 13. Qf3 Bg7 14. Nd2 O-O 15. Qf2
Bb7 16. g4 d5 17. e5 c4 18. d4 b4 19. Rab1 Bc6 20. Ndf3 a4 21. h4 f6 22. exf6
Rxf6 23. Qd2 b3 24. a3 Qc7 25. Qe1 Nf7 26. Nxf7 Rxf7 27. h5 gxh5 28. gxh5 h6
29. Qh4 Kh8 30. Qg4 Qe7 31. Nh4 Qg5 32. Qxg5 Rxf1+ 33. Rxf1 hxg5 34. Ng6+ Kh7
35. Rf7 Be8 36. Re7 Bxg6 37. hxg6+ Kxg6 38. Rxe6+ Kf5 39. Bxd5 Rd8 40. e4+ Kf4
41. Bxc4 g4 42. e5 Rh8 43. Rg6 Bf8 44. Be6 g3 45. Rg8 Rxg8 46. Bxg8 Bh6 47. Kg2
Bf8 48. Bh7 Be7 49. Bg8 Ke3 50. d5 Bxa3 51. bxa3 b2 52. Bh7 Kd2 53. e6 Kxc3 54.
e7 Kb3 55. e8=Q 1-0

[Event "DVM 2005 u20"]
[Site "Berlin"]
[Date "2005.12.28"]
[Round "3.6"]
[White "Franz, Tobias"]
[Black "Nemeth-Csoka, Mihaly"]
[Result "1-0"]
[WhiteElo "1703"]
[BlackElo "1455"]
[PlyCount "116"]
[EventDate "1905.??.??"]

1. e4 d5 2. exd5 Nf6 3. d4 Bg4 4. f3 Bf5 5. Bb5+ Nbd7 6. c4 a6 7. Ba4 b5 8.
cxb5 Nxd5 9. Nc3 Nb4 10. Ne4 e6 11. a3 axb5 12. Bxb5 Bxe4 13. Bxd7+ Kxd7 14.
fxe4 Qh4+ 15. Kf1 Qxe4 16. Qf3 Qxf3+ 17. Nxf3 Bd6 18. Ke2 Rhb8 19. Bd2 Nd5 20.
Ra2 Rb3 21. Rc1 f6 22. g3 g5 23. Rc2 g4 24. Nh4 Ra4 25. Bc3 Bb4 26. Kd3 Bxc3
27. bxc3 Raxa3 28. Rxa3 Rxa3 29. Kd2 Ra1 30. Rb2 Rf1 31. Kd3 Rd1+ 32. Rd2 Rc1
33. Rc2 Rxc2 34. Kxc2 Ne3+ 35. Kd3 Nf1 36. Ng2 Nxh2 37. Ne3 h5 38. Ke4 Nf3 39.
d5 c6 40. dxc6+ Kxc6 41. Ng2 f5+ 42. Kd3 e5 43. Ne3 h4 44. gxh4 Nxh4 45. Ke2 g3
46. Kf1 Kc5 47. Kg1 f4 48. Ng4 Ng6 49. Kg2 Kc4 50. Nf6 Kxc3 51. Kf1 Kd3 52. Nd5
e4 53. Ke1 f3 54. Nb4+ Kc3 55. Nd5+ Kd4 56. Nb4 g2 57. Kf2 e3+ 58. Kg1 Nf4 1-0

[Event "DVM 2005 u20"]
[Site "Berlin"]
[Date "2005.12.28"]
[Round "3.1"]
[White "Koch, Moritz"]
[Black "Pilgram, Alexander"]
[Result "1/2-1/2"]
[WhiteElo "2228"]
[BlackElo "1922"]
[PlyCount "88"]
[EventDate "1905.??.??"]

1. d4 {[%emt 0:00:00]} c6 {[%emt 0:00:01]} 2. e4 {[%emt 0:00:02]} d6 {
[%emt 0:00:02]} 3. Nc3 {[%emt 0:00:02]} g6 {[%emt 0:00:02]} 4. Be3 {
[%emt 0:00:03]} Bg7 {[%emt 0:00:02]} 5. h3 {[%emt 0:00:02]} Nf6 {[%emt 0:00:02]
} 6. Qd2 {[%emt 0:00:02]} Nbd7 {[%emt 0:00:02]} 7. Nf3 {[%emt 0:00:02]} O-O {
[%emt 0:00:03]} 8. Bd3 {[%emt 0:00:03]} Re8 {[%emt 0:00:02]} 9. O-O {
[%emt 0:00:02]} e5 {[%emt 0:00:03]} 10. dxe5 {[%emt 0:00:02]} Nxe5 {
[%emt 0:00:02]} 11. Nxe5 {[%emt 0:00:02]} dxe5 {[%emt 0:00:00]} 12. Rfd1 {
[%emt 0:00:10]} Be6 {[%emt 0:00:05]} 13. a4 {[%emt 0:00:03]} a5 {[%emt 0:00:02]
} 14. f3 {[%emt 0:00:02]} h5 {[%emt 0:00:02]} 15. Qf2 {[%emt 0:00:02]} Nd7 {
[%emt 0:00:02]} 16. Nb1 {[%emt 0:00:03]} Bf6 {[%emt 0:00:02]} 17. Na3 {
[%emt 0:00:03]} Kh7 {[%emt 0:00:02]} 18. Bc4 {[%emt 0:00:04]} Qe7 {
[%emt 0:00:04]} 19. Rd2 {[%emt 0:00:02]} g5 {[%emt 0:00:02]} 20. Rad1 {
[%emt 0:00:04]} Red8 {[%emt 0:00:05]} 21. Bxe6 {[%emt 0:00:07]} Qxe6 {
[%emt 0:00:01]} 22. Qg3 {[%emt 0:00:04]} Be7 {[%emt 0:00:11]} 23. Bxg5 {
[%emt 0:00:03]} Rg8 {[%emt 0:00:02]} 24. h4 {[%emt 0:00:02]} Nc5 {
[%emt 0:00:02]} 25. Qf2 {[%emt 0:00:02]} f6 {[%emt 0:00:02]} 26. Be3 {
[%emt 0:00:03]} Nxa4 {[%emt 0:00:04]} 27. c4 {[%emt 0:00:02]} Rg7 {
[%emt 0:00:02]} 28. Rd7 {[%emt 0:00:05]} Rag8 {[%emt 0:00:03]} 29. Rxb7 {
[%emt 0:00:03]} Bxa3 {[%emt 0:00:11]} 30. Rxg7+ {[%emt 0:00:00]} Rxg7 {
[%emt 0:00:02]} 31. bxa3 {[%emt 0:00:02]} Qxc4 {[%emt 0:00:03]} 32. Rc1 {
[%emt 0:00:04]} Qb5 {[%emt 0:00:02]} 33. Qc2 {[%emt 0:00:02]} c5 {
[%emt 0:00:02]} 34. Qc4 {[%emt 0:00:02]} Qb2 {[%emt 0:00:02]} 35. Rc2 {
[%emt 0:00:02]} Qxa3 {[%emt 0:00:13]} 36. Bc1 {[%emt 0:00:03]} Qb4 {
[%emt 0:00:02]} 37. Bd2 {[%emt 0:00:02]} Qxc4 {[%emt 0:00:02]} 38. Rxc4 {
[%emt 0:00:02]} Nb2 {[%emt 0:00:02]} 39. Rc2 {[%emt 0:00:02]} Nd3 {
[%emt 0:00:02]} 40. Bxa5 {[%emt 0:00:03]} Ra7 {[%emt 0:00:03]} 41. Bb6 {
[%emt 0:00:03]} Ra6 {[%emt 0:00:02]} 42. Bd8 {[%emt 0:00:02]} Rd6 {
[%emt 0:00:02]} 43. Be7 {[%emt 0:00:03]} Re6 {[%emt 0:00:00]} 44. Bd8 {
[%emt 0:00:03]} Rd6 {[%emt 0:00:03]} 1/2-1/2

[Event "DVM 2005 u20"]
[Site "Berlin"]
[Date "2005.12.28"]
[Round "3.2"]
[White "Rudnik, Kirill"]
[Black "Lauer, Moritz"]
[Result "0-1"]
[WhiteElo "1877"]
[BlackElo "2233"]
[PlyCount "48"]
[EventDate "1905.??.??"]

1. e4 d5 2. exd5 Nf6 3. Nf3 Bg4 4. Bc4 Nxd5 5. Nc3 e6 6. d3 Be7 7. h3 Bh5 8.
Bxd5 exd5 9. g4 Bg6 10. Bf4 O-O 11. h4 f6 12. Ne2 Nc6 13. Qd2 d4 14. a3 Qd5 15.
Rh3 f5 16. g5 Bh5 17. Nfg1 Rae8 18. Kf1 Bd6 19. Bxd6 Qxd6 20. Qf4 Re5 21. Qg3
f4 22. Qh2 Bg4 23. Rf3 Rxe2 24. Kxe2 Ne5 0-1

[Event "DVM 2005 u20"]
[Site "Berlin"]
[Date "2005.12.28"]
[Round "3.3"]
[White "Lowitz, Torsten"]
[Black "Karmann, Alexander"]
[Result "1-0"]
[WhiteElo "2117"]
[BlackElo "1816"]
[PlyCount "82"]
[EventDate "1905.??.??"]

1. e4 {[%emt 0:00:00]} e5 {[%emt 0:00:01]} 2. Nf3 {[%emt 0:00:02]} Nc6 {
[%emt 0:00:02]} 3. Bb5 {[%emt 0:00:05]} a6 {[%emt 0:00:02]} 4. Ba4 {
[%emt 0:00:06]} Nf6 {[%emt 0:00:03]} 5. O-O {[%emt 0:00:06]} b5 {[%emt 0:00:03]
} 6. Bb3 {[%emt 0:00:06]} Be7 {[%emt 0:00:02]} 7. Re1 {[%emt 0:00:51]} d6 {
[%emt 0:00:07]} 8. c3 {[%emt 0:00:05]} Na5 {[%emt 0:00:06]} 9. Bc2 {
[%emt 0:00:12]} c5 {[%emt 0:00:05]} 10. h3 {[%emt 0:00:08]} O-O {[%emt 0:00:07]
} 11. d4 {[%emt 0:00:05]} Qc7 {[%emt 0:00:05]} 12. Nbd2 {[%emt 0:00:04]} Bb7 {
[%emt 0:00:06]} 13. Nf1 {[%emt 0:00:11]} Rac8 {[%emt 0:00:11]} 14. Bb1 {
[%emt 0:00:12]} Rfe8 {[%emt 0:00:12]} 15. Ng3 {[%emt 0:00:08]} Nc6 {
[%emt 0:00:06]} 16. Nf5 {[%emt 0:00:20]} a5 {[%emt 0:00:18]} 17. d5 {
[%emt 0:00:00]} Nb8 {[%emt 0:00:11]} 18. Bg5 {[%emt 0:00:31]} Nbd7 {
[%emt 0:00:07]} 19. Nxe7+ {[%emt 0:00:11]} Rxe7 {[%emt 0:00:04]} 20. Nh4 {
[%emt 0:00:06]} Ree8 {[%emt 0:00:19]} 21. Nf5 {[%emt 0:00:09]} h6 {
[%emt 0:00:19]} 22. Bh4 {[%emt 0:00:04]} c4 {[%emt 0:00:04]} 23. Re3 {
[%emt 0:00:06]} Kh7 {[%emt 0:00:00]} 24. Rg3 {[%emt 0:00:08]} g6 {
[%emt 0:00:06]} 25. Qf3 {[%emt 0:00:10]} Nh5 {[%emt 0:00:09]} 26. Ne7 {
[%emt 0:00:05]} Rf8 {[%emt 0:00:15]} 27. Nxc8 {[%emt 0:00:18]} Nxg3 {
[%emt 0:00:07]} 28. Be7 {[%emt 0:00:11]} Rxc8 {[%emt 0:00:12]} 29. Qxf7+ {
[%emt 0:00:08]} Kh8 {[%emt 0:00:10]} 30. fxg3 {[%emt 0:00:18]} Qb6+ {
[%emt 0:00:05]} 31. Kh2 {[%emt 0:00:04]} Rg8 {[%emt 0:00:05]} 32. Bc2 {
[%emt 0:00:06]} Bc8 {[%emt 0:00:06]} 33. Rf1 {[%emt 0:00:00]} b4 {
[%emt 0:00:00]} 34. Rf6 {[%emt 0:00:13]} Rg7 {[%emt 0:00:06]} 35. Qe8+ {
[%emt 0:00:05]} Rg8 {[%emt 0:00:05]} 36. Rf8 {[%emt 0:00:07]} Rxf8 {
[%emt 0:00:03]} 37. Bxf8 {[%emt 0:00:02]} Nxf8 {[%emt 0:00:05]} 38. Qxf8+ {
[%emt 0:00:03]} Kh7 {[%emt 0:00:03]} 39. Qxc8 {[%emt 0:00:05]} bxc3 {
[%emt 0:00:10]} 40. bxc3 {[%emt 0:00:03]} Qb2 {[%emt 0:00:10]} 41. Ba4 {
[%emt 0:00:14]} Qxc3 {[%emt 0:00:20]} 1-0

[Event "DVM 2005 u20"]
[Site "Berlin"]
[Date "2005.12.28"]
[Round "3.4"]
[White "Senay, Baris"]
[Black "Kittler, Alexander"]
[Result "1-0"]
[WhiteElo "1852"]
[BlackElo "1496"]
[PlyCount "49"]
[EventDate "1905.??.??"]

1. d4 {[%emt 0:00:00]} f5 {[%emt 0:00:01]} 2. g3 {[%emt 0:00:03]} Nf6 {
[%emt 0:00:02]} 3. Bg2 {[%emt 0:00:02]} e6 {[%emt 0:00:03]} 4. c4 {
[%emt 0:00:02]} Be7 {[%emt 0:00:05]} 5. Nf3 {[%emt 0:00:04]} O-O {
[%emt 0:00:02]} 6. O-O {[%emt 0:00:03]} d6 {[%emt 0:00:02]} 7. Nc3 {
[%emt 0:00:03]} Qe8 {[%emt 0:00:02]} 8. Qc2 {[%emt 0:00:03]} Qh5 {
[%emt 0:00:03]} 9. e4 {[%emt 0:00:00]} fxe4 {[%emt 0:00:03]} 10. Nxe4 {
[%emt 0:00:03]} Nxe4 {[%emt 0:00:03]} 11. Qxe4 {[%emt 0:00:01]} Qf5 {
[%emt 0:00:03]} 12. Qe2 {[%emt 0:00:03]} Bd7 {[%emt 0:00:06]} 13. b4 {
[%emt 0:00:02]} Rf7 {[%emt 0:00:03]} 14. Rd1 {[%emt 0:00:03]} Bc6 {
[%emt 0:00:02]} 15. d5 {[%emt 0:00:02]} exd5 {[%emt 0:00:02]} 16. Nd4 {
[%emt 0:00:02]} Qd7 {[%emt 0:00:02]} 17. b5 {[%emt 0:00:02]} dxc4 {
[%emt 0:00:08]} 18. bxc6 {[%emt 0:00:02]} bxc6 {[%emt 0:00:02]} 19. Qxc4 {
[%emt 0:00:03]} d5 {[%emt 0:00:02]} 20. Qb3 {[%emt 0:00:02]} Kh8 {
[%emt 0:00:04]} 21. Qb7 {[%emt 0:00:11]} Bc5 {[%emt 0:00:11]} 22. Qxa8 {
[%emt 0:00:08]} Rf8 {[%emt 0:00:02]} 23. Qb7 {[%emt 0:00:02]} Bb6 {
[%emt 0:00:12]} 24. a4 {[%emt 0:00:02]} a5 {[%emt 0:00:02]} 25. Be3 {
[%emt 0:00:02]} 1-0

[Event "DVM 2005 u20"]
[Site "Berlin"]
[Date "2005.12.28"]
[Round "3.5"]
[White "Lingl, Xenia"]
[Black "Guefen, Daniel"]
[Result "0-1"]
[WhiteElo "1484"]
[BlackElo "1740"]
[PlyCount "70"]
[EventDate "1905.??.??"]

1. e4 {[%emt 0:00:00]} e6 {[%emt 0:00:01]} 2. d4 {[%emt 0:00:02]} d5 {
[%emt 0:00:01]} 3. Nd2 {[%emt 0:00:03]} dxe4 {[%emt 0:00:03]} 4. Nxe4 {
[%emt 0:00:02]} Nd7 {[%emt 0:00:03]} 5. c3 {[%emt 0:00:02]} Ngf6 {
[%emt 0:00:13]} 6. Bd3 {[%emt 0:00:04]} Nxe4 {[%emt 0:00:02]} 7. Bxe4 {
[%emt 0:00:01]} Nf6 {[%emt 0:00:02]} 8. Bg5 {[%emt 0:00:04]} Be7 {
[%emt 0:00:02]} 9. Bxf6 {[%emt 0:00:02]} Bxf6 {[%emt 0:00:01]} 10. Nf3 {
[%emt 0:00:03]} Qd6 {[%emt 0:00:02]} 11. O-O {[%emt 0:00:02]} O-O {
[%emt 0:00:02]} 12. Qc2 {[%emt 0:00:02]} g6 {[%emt 0:00:06]} 13. Rad1 {
[%emt 0:00:06]} Qa6 {[%emt 0:00:03]} 14. a3 {[%emt 0:00:02]} Bd7 {
[%emt 0:00:12]} 15. Rfe1 {[%emt 0:00:06]} Ba4 {[%emt 0:00:03]} 16. b3 {
[%emt 0:00:02]} Bc6 {[%emt 0:00:02]} 17. Bxc6 {[%emt 0:00:04]} Qxc6 {
[%emt 0:00:01]} 18. Ne5 {[%emt 0:00:02]} Bxe5 {[%emt 0:00:02]} 19. Rxe5 {
[%emt 0:00:02]} Rad8 {[%emt 0:00:03]} 20. c4 {[%emt 0:00:02]} Rd7 {
[%emt 0:00:02]} 21. Rd3 {[%emt 0:00:04]} Rfd8 {[%emt 0:00:03]} 22. Qc3 {
[%emt 0:00:02]} Qd6 {[%emt 0:00:02]} 23. Re4 {[%emt 0:00:02]} Qxa3 {
[%emt 0:00:03]} 24. Rh4 {[%emt 0:00:03]} f5 {[%emt 0:00:05]} 25. h3 {
[%emt 0:00:03]} Qe7 {[%emt 0:00:03]} 26. Rf4 {[%emt 0:00:03]} e5 {
[%emt 0:00:02]} 27. Rff3 {[%emt 0:00:06]} e4 {[%emt 0:00:08]} 28. Rfe3 {
[%emt 0:00:03]} Qg7 {[%emt 0:00:02]} 29. Rd1 {[%emt 0:00:02]} Rxd4 {
[%emt 0:00:03]} 30. Rxd4 {[%emt 0:00:03]} Qxd4 {[%emt 0:00:00]} 31. Qb4 {
[%emt 0:00:04]} b6 {[%emt 0:00:02]} 32. Qe7 {[%emt 0:00:15]} Qd1+ {
[%emt 0:00:00]} 33. Kh2 {[%emt 0:00:01]} Qd6+ {[%emt 0:00:03]} 34. Qxd6 {
[%emt 0:00:02]} Rxd6 {[%emt 0:00:01]} 35. Rc3 {[%emt 0:00:02]} Rd3 {
[%emt 0:00:02]} 0-1

[Event "DVM 2005 u20"]
[Site "Berlin"]
[Date "2005.12.28"]
[Round "3.6"]
[White "Schehl, Michael"]
[Black "Buck, Andreas"]
[Result "1-0"]
[WhiteElo "1653"]
[BlackElo "1166"]
[PlyCount "59"]
[EventDate "1905.??.??"]

1. d4 {[%emt 0:00:00]} d5 {[%emt 0:00:03]} 2. Nf3 {[%emt 0:00:07]} Bf5 {
[%emt 0:00:06]} 3. Bf4 {[%emt 0:00:07]} Nc6 {[%emt 0:00:07]} 4. e3 {
[%emt 0:00:05]} Nf6 {[%emt 0:00:06]} 5. c4 {[%emt 0:00:06]} e6 {[%emt 0:00:06]}
6. Qb3 {[%emt 0:00:00]} Nb4 {[%emt 0:00:11]} 7. Na3 {[%emt 0:00:09]} a5 {
[%emt 0:00:16]} 8. Nb5 {[%emt 0:00:12]} Nc2+ {[%emt 0:00:08]} 9. Ke2 {
[%emt 0:00:09]} Nxa1 {[%emt 0:00:35]} 10. Qa4 {[%emt 0:00:11]} Be7 {
[%emt 0:00:10]} 11. Nxc7+ {[%emt 0:00:08]} Kf8 {[%emt 0:00:06]} 12. Nxa8 {
[%emt 0:00:09]} Qxa8 {[%emt 0:00:09]} 13. Nh4 {[%emt 0:00:20]} Bc2 {
[%emt 0:00:08]} 14. Qb5 {[%emt 0:00:11]} Ne4 {[%emt 0:00:12]} 15. Bg3 {
[%emt 0:00:20]} Qc8 {[%emt 0:00:25]} 16. c5 {[%emt 0:00:09]} e5 {[%emt 0:00:05]
} 17. Nf3 {[%emt 0:00:11]} Nxg3+ {[%emt 0:00:08]} 18. hxg3 {[%emt 0:00:27]} e4
{[%emt 0:00:00]} 19. Ne5 {[%emt 0:00:08]} f6 {[%emt 0:00:11]} 20. Nd7+ {
[%emt 0:00:06]} Kf7 {[%emt 0:00:03]} 21. Kd2 {[%emt 0:00:13]} Rd8 {
[%emt 0:00:07]} 22. Nb6 {[%emt 0:00:05]} Qf5 {[%emt 0:00:12]} 23. Qe2 {
[%emt 0:00:41]} Bd3 {[%emt 0:00:09]} 24. g4 Qg6 25. Qd1 Bxf1 26. Rxf1 f5 27. f3
Kg8 28. fxe4 dxe4 29. Rxf5 Qxg4 30. Qxg4 1-0